000 00716nam a2200229Ia 4500
001 9393
003 GE_BSU
008 181216s||||||||xx |||||||||||||| ||und||
040 _cGE_BSU
080 _a624.014
100 _aСтрелецкий,С. Гениев,А.Н. Беления,Е.И. и др.
245 _aМеталлические конструкции.
245 _cРед. изд-во Т.В.Горячева.
250 _aИзд. 3-е, переработанное.
260 _aМ.
260 _bГосстройиздат.
260 _c1961.
300 _a776 стр. с илл. 26 см.
300 _eтабл.
653 _aМеталлические конструкции.
942 _cBK
999 _c42689
_d42689